000 00668nam a2200217Ia 4500
001 21163
003 GE_BSU
008 181216s||||||||xx |||||||||||||| ||und||
040 _cGE_BSU
245 _aНовая и новейшая история №4 Июль- Август 2017
245 _cГлавный ред:В.В Согрин, и др.
260 _aМосква
260 _bНаука
260 _c2017
300 _a223стр. 26см.
653 _aИстория
653 _aНовая и новейшая история №4 Июль- Август 2017
653 _aПериодика
653 _aპერიოდიკა
942 _cCR
999 _c54108
_d54108